| 000 | 00840cab a2200253 4500 | ||
|---|---|---|---|
| 001 | ABS57892 | ||
| 008 | 090401t1997 xxu||||| |||| 00| 0 eng d | ||
| 035 | _a(Sirsi) u82304 | ||
| 041 | _aeng | ||
| 100 | _aMartindale, N. | ||
| 245 | _aLocal authority non-operational property - serviceable or surplus? | ||
| 260 | _c1997 | ||
| 350 | _a0 | ||
| 490 |
_aProperty Management _v15(4) 1997, 234-244(11) |
||
| 520 | _aDeals with the perceived objectives for which local authorities hold tenanted non-residential property and the functional, financial and legal setting. | ||
| 650 | _aLOCAL AUTHORITIES | ||
| 650 | _aNON-OPERATIONAL PROPERTY | ||
| 650 |
_aProperty management _96262 |
||
| 650 | _aTENANTED NON-RESIDENTIAL PROPERTY | ||
| 650 | _aTNRP | ||
| 690 | _aPROPERTY-COMMERCIAL PROPERTY | ||
| 942 | _n0 | ||
| 948 | _c25/11/1997 | ||
| 999 |
_c51939 _d51939 |
||